000 00308nam a22001337a 4500
008 181017b xxu||||| |||| 00| 0 eng d
020 _a0801658187
041 _aeng
080 _a610
100 _a6
101 _aANE
245 _aPrinciples and Practice of Anesthesiology
_cRogers,M.C
942 _2udc
_cBK
999 _c50047
_d50047